000 00729nam a2200229Ii 4500
003 JO-AjNU
008 230605s9999||||xx |||||||||||||| ||und||
017 _a2000/15064
020 _a977-01-6946-3
040 _aJO-AjNU
_bara
_erda
_cJO-AjNU
041 _aara
050 1 4 _aPN1996 2000
100 3 _aتوفيق،رؤوف,
_eauthor
_99632
245 0 0 _aسينما المشاعر الجميلة
264 3 1 _aالقاهرة: مكتبة الأسرة،2000 ؛ مهرجان القراءة للجميع 2000
300 _a139ص
336 _atext
_btxt
_2rdacontent
337 _aunmediated
_bn
_2rdamedia
338 _avolume
_bnc
_2rdacarrier
490 0 _aالمكتبة السينمائية
650 4 _aالسينما
_99633
999 _aA1400
_c4968
_d4968